000 00883nam a2200205 a 4500
001 BRCA_1447
005 20190320203431.0
008 981215s1998 mx-a---##b---#000-0#spa-d
050 4 _aND259
_b.G66 1998
245 1 0 _aLos enconchados de la conquista de México
_bcolección del Museo Nacional de Bellas Artes de Argentina.
260 _aMéxico
_bMuseo de El Carmen
_c1998
300 _a1 v. (sin paginación)
_bil. a color
_c30 cm.
500 _aCatálogo de la exposición realizada en el Museo de El Carmen (Ciudad de México), noviembre, 1997 - enero, 1998
504 _aIncluye referencias bibliográficas
600 1 4 _aGonzález, Miguel
_db. 1664
_vExposiciones
_94740
610 2 4 _aMuseo Nacional de Bellas Artes (Argentina)
_vExposiciones
_94741
650 1 4 _aPintura
_vExposiciones
_zArgentina
_94742
651 4 _aMéxico
_xHistoria
_yConquista, 1519-1540
_9442
942 _2lcc
_cB
999 _c1309
_d1309